Tìm hiểu tín ngưỡng thành hoàng ở Đà Lạt /
Đã lưu trong:
| 主要作者: | |
|---|---|
| 其他作者: | |
| 格式: | Luận văn |
| 語言: | Vietnamese |
| 出版: |
Đà Lạt :
Trường Đại học Đà Lạt,
2001
|
| 主題: | |
| 標簽: |
添加標簽
沒有標簽, 成為第一個標記此記錄!
|
| Thư viện lưu trữ: | Thư viện Trường Đại học Đà Lạt |
|---|
| LEADER | 01025nam a2200373 4500 | ||
|---|---|---|---|
| 001 | DLU030024094 | ||
| 005 | ##20030801 | ||
| 040 | # | # | |a DLU |b vie |
| 041 | # | # | |a vie |
| 044 | # | # | |a vn |
| 082 | # | # | |a 900 |b PH-V |
| 100 | # | # | |a Phùng Thị Vải |
| 245 | # | # | |a Tìm hiểu tín ngưỡng thành hoàng ở Đà Lạt / |c Phùng Thị Vải |
| 260 | # | # | |a Đà Lạt : |b Trường Đại học Đà Lạt, |c 2001 |
| 300 | # | # | |a tr. ; |c 29 cm |
| 300 | # | # | |a 84 tr. ; |c 29 cm |
| 653 | # | # | |a Đà Lạt |
| 653 | # | # | |a Đình làng |
| 653 | # | # | |a Tín ngưỡng |
| 653 | # | # | |a Tôn giáo |
| 653 | # | # | |a Thành hoàng |
| 653 | # | # | |a Thờ cúng |
| 700 | # | # | |e Cán bộ hướng dẫn |
| 700 | # | # | |e Cán bộ phản biện |
| 700 | # | # | |a Cao Thế Trình |c TS. |e Cán bộ hướng dẫn |
| 915 | # | # | |a Lịch sử |c Thạc sĩ |d Trường Đại học Đà Lạt |
| 994 | # | # | |a DLU |
| 900 | # | # | |a True |
| 911 | # | # | |a Lê Nguyên Khang |
| 925 | # | # | |a G |
| 926 | # | # | |a A |
| 927 | # | # | |a LA |
| 980 | # | # | |a Thư viện Trường Đại học Đà Lạt |